Rede imaginária : televisão e democracia /
Guardado en:
| 其他作者: | |
|---|---|
| 格式: | 圖書 |
| 語言: | Portuguese |
| 出版: |
São Paulo, SP :
Secretaria Municipal de Cultura : Companhia das Letras,
1991.
|
| 主題: | |
| 標簽: |
添加標簽
沒有標簽, 成為第一個標記此記錄!
|
MARC
| LEADER | 00000nam a2200000 a 4500 | ||
|---|---|---|---|
| 001 | 1574074 | ||
| 005 | 20150602135545.0 | ||
| 008 | 920310s1991 bl b l100 0 por | ||
| 020 | |a 8571641943 | ||
| 040 | |a DLC |c DLC |d CRU CIICLA | ||
| 082 | |a 302.23 |b R314r | ||
| 245 | 0 | 0 | |a Rede imaginária : |b televisão e democracia / |c organização, Adauto Novaes. |
| 260 | |a São Paulo, SP : |b Secretaria Municipal de Cultura : |b Companhia das Letras, |c 1991. | ||
| 300 | |a 315 páginas | ||
| 500 | |a Trabajos presentados originalmente durante el Seminário " Rede Imaginaria - Televisão e Democracia ", realizado en São Paulo en 1990 . | ||
| 504 | |a Incluye referencias bibliográficas. | ||
| 650 | 1 | 4 | |a TELEVISION |x ASPECTOS SOCIALES |x CONGRESOS |
| 650 | 1 | 4 | |a TELEDIFUSION |x INFLUENCIA |x CONGRESOS |
| 700 | 1 | |a Novaes, Adauto | |
| 942 | |2 ddc |c BK | ||
| 999 | |c 4248 |d 4248 | ||



